| 000 | 00341nam a22001457a 4500 | ||
|---|---|---|---|
| 020 | _a9780415356435 | ||
| 082 |
_a581.1 _bLAC/PL |
||
| 100 |
_aLack,Andrew _91279 |
||
| 100 |
_aEvans,David _91280 |
||
| 245 | _aBios Instant Notes:Plant Biology | ||
| 250 | _a2 nd | ||
| 260 |
_aNew York _bGarland Science _c2015 |
||
| 300 | _a351 | ||
| 942 | _cBBS | ||
| 999 |
_c14728 _d14728 |
||